000 00370nam a2200133Ia 4500
008 151001s9999||||xx |||||||||||||| ||und||
100 _aकृष्णकांत झा मठपति
245 _aअठारह सौ सत्तावन
250 _a1
260 _bलिट्रेसी
260 _c2001
300 _a280
365 _b18
999 _c977957
_d977954